تحميل...
The Truth About Postmodernism
| المؤلف الرئيسي: | |
|---|---|
| التنسيق: | Printed Book |
| منشور في: |
USA;
Blackwell;
1993
|
| الطبعة: | 1st |
| الموضوعات: |
| LEADER | 00511nam a22001457a 4500 | ||
|---|---|---|---|
| 082 | |a 820.1 |b NOR/T N3 | ||
| 100 | |a Norris, Christopher |9 301451 | ||
| 245 | |a The Truth About Postmodernism | ||
| 250 | |a 1st | ||
| 260 | |a USA; |b Blackwell; |c 1993 | ||
| 300 | |a 333p. | ||
| 650 | |a English Literary Theory; English Literature |9 301452 | ||
| 942 | |c BK | ||
| 999 | |c 70466 |d 70466 | ||
| 952 | |0 0 |1 0 |4 0 |6 820_100000000000000_NOR_T_N3 |7 0 |8 EngLitThe |9 83420 |a MAL |b MAL |d 2016-12-05 |e 43636 |l 0 |o 820.1 NOR/T N3 |p MAL043636 |r 2016-12-05 |t 1 |w 2016-12-05 |y BK | ||